| 000 | 00612cam a2200193 a 4500 | ||
|---|---|---|---|
| 999 |
_c7884 _d7884 |
||
| 020 | _a0072834277 (acidfree paper) | ||
| 050 | 0 | 0 |
_aZ52.5.M52 _bC666 |
| 100 | 1 | _aCoulthard, Glen J. | |
| 245 | 1 | 0 |
_aMicrosoft Office Word 2003 / _cGlen J. Coulthard, Sarah Hutchinson Clifford, Ann Miller. |
| 250 | _aComplete ed. | ||
| 260 |
_aBoston : _bMcGraw-Hill Technology Education, _cc2005. |
||
| 300 |
_a1 v. (various pagings) : _bill. ; _c28 cm. |
||
| 440 | 0 | _aAdvantage series | |
| 500 | _aIncludes index. | ||
| 650 | 0 | _aWord processing. | |
| 700 | 1 | _aClifford, Sarah Hutchinson. | |
| 700 | 1 | _aMiller, Ann, | |
| 942 | _cBK | ||